Slovensko 1997. : Súhrnná správa o stave spoločnosti a trendoch na rok 1998

Salvato in:
Dettagli Bibliografici
Natura: Libro
Lingua:slovacco
Pubblicazione: Bratislava : Inštitút pre verejné otázky, 1998
Tags: Aggiungi Tag
Nessun Tag, puoi essere il primo ad aggiungerne!!

MARC

LEADER 00000nam a22000003a 4500
001 stu48833
005 20141122031010.6
008 981210s1998------------------------slo-d
020 |a 80-967739-8-4 
040 |a STU  |b slo 
041 0 |a slo 
080 |a 30/33(437.6) 
080 |a 323/327(437.6) 
245 |a Slovensko 1997. :  |b Súhrnná správa o stave spoločnosti a trendoch na rok 1998 
260 |a Bratislava :  |b Inštitút pre verejné otázky,  |c 1998 
300 |a 702 s 
500 |a tab.,grafy 
996 |b 284V029785  |c V*45555/O-20057  |l VVT  |s A  |a 24  |w stu48833_0001